00354nam a22001337a 4500003000400000020001800004082001900022100001600041245006500057250000900122260005200131300001000183650002700193SGT a9788131256534 a617.6342bP19G aGopikrishna aPreclinical Manual of Conservative Dentistry and Endodontics a3RD  aNEW DELHI bRelx India Pvt. Ltd, ELSEVIERc2019 a1-449 aConservative Dentistry